| 000 | 01908cam a2200517 i 4500 | ||
|---|---|---|---|
| 001 | 40359 | ||
| 003 | KOSZ 005 | ||
| 005 | 20240405063132.0 | ||
| 008 | 240222s2001 pl a f f 000 0 pol | ||
| 015 | _aPB 2002/926 | ||
| 020 | _a8388283758 | ||
| 035 | _a991017497779705066 | ||
| 035 | _a(PL-WaBN)b14730923-48omnis_nlop | ||
| 035 | _ab14730923 | ||
| 035 | _a(OCoLC)749382395 | ||
| 035 | _azz2002942829 | ||
| 035 | _a(PL)b0000001473092 | ||
| 035 | _a(EXLNZ-48OMNIS_NETWORK)9910049507605606 | ||
| 040 |
_aWA N _cWA N _dKOSZ 005/HR _dKOSZ 005/RW |
||
| 046 | _k2001 | ||
| 080 | _a658.11-022.5(438) | ||
| 100 | 1 |
_aBielak, Janusz _c(budownictwo) _eAutor |
|
| 245 | 1 | 0 |
_aTworzenie i działanie małej firmy : _bproces powstawania, początek działalności, uwarunkowania rozwoju / _cJanusz Bielak. |
| 250 | _aWydanie I. | ||
| 260 |
_aKoszalin : _bWydawnictwo Uczelniane Politechniki Koszalińskiej, _c2001. |
||
| 300 |
_a177 stron : _bmapa ; _c24 cm. |
||
| 336 |
_aTekst _btxt _2rdacontent |
||
| 337 |
_aBez urządzenia pośredniczącego _bn _2rdamedia |
||
| 338 |
_aWolumin _bnc _2rdacarrier |
||
| 380 | _aKsiążki | ||
| 380 | _aPublikacje dydaktyczne | ||
| 388 | 1 | _a2001- | |
| 504 | _aBibliografia na stronach 175-177. | ||
| 648 | 7 | _a1901-2000 | |
| 648 | 7 | _a1989-2000 | |
| 650 | 7 | _aOtoczenie firmy | |
| 650 | 7 | _aPrzedsiębiorstwa małe i średnie (MŚP) | |
| 651 | 7 | _aPolska | |
| 655 | 7 | _aOpracowanie | |
| 658 | _aGospodarka, ekonomia, finanse | ||
| 658 | _aZarządzanie i marketing | ||
| 710 | 2 |
_aWydawnictwo Uczelniane (Politechnika Koszalińska) _4pbl |
|
| 856 |
_uhttp://koha.tu.koszalin.pl/cgi-bin/koha/opac-detail.pl?biblionumber=40359 _yKatalog online BPK |
||
| 856 |
_uhttp://dlibra.tu.koszalin.pl/dlibra/docmetadata?id=586&from=&dirids=1&ver_id=&lp=1&QI= _yBiblioteka Cyfrowa |
||
| 942 |
_2UKD _cKS |
||
| 999 |
_c40359 _d40359 |
||